<?xml version="1.0" encoding="UTF-8"?>
<marc:record xmlns:marc="http://www.loc.gov/MARC21/slim">
   <marc:leader>00000nam a2200000 a 4500</marc:leader>
   <marc:datafield ind1="1" ind2=" " tag="100">
      <marc:subfield code="a">Schreiber, Eva</marc:subfield>
      <marc:subfield code="4">aut</marc:subfield>
      <marc:subfield code="e">Verfasser/-in</marc:subfield>
   </marc:datafield>
   <marc:datafield ind1=" " ind2=" " tag="653">
      <marc:subfield code="a">Softcover / Belletristik/Erzählende Literatur</marc:subfield>
   </marc:datafield>
   <marc:datafield ind1=" " ind2=" " tag="653">
      <marc:subfield code="a">Beziehungen</marc:subfield>
   </marc:datafield>
   <marc:datafield ind1=" " ind2=" " tag="653">
      <marc:subfield code="a">Unvorhersehbares</marc:subfield>
   </marc:datafield>
   <marc:datafield ind1=" " ind2=" " tag="653">
      <marc:subfield code="a">Groteskes</marc:subfield>
   </marc:datafield>
   <marc:datafield ind1=" " ind2=" " tag="653">
      <marc:subfield code="a">Erzählende Literatur</marc:subfield>
   </marc:datafield>
   <marc:datafield ind1="0" ind2="0" tag="245">
      <marc:subfield code="a">Wenn es Nacktschnecken regnet</marc:subfield>
   </marc:datafield>
   <marc:datafield ind1="0" ind2="0" tag="245">
      <marc:subfield code="b">Kurzgeschichten</marc:subfield>
   </marc:datafield>
   <marc:datafield ind1="0" ind2="0" tag="245">
      <marc:subfield code="c">Eva Schreiber</marc:subfield>
   </marc:datafield>
   <marc:datafield ind1=" " ind2="1" tag="264">
      <marc:subfield code="a">S.l.] @</marc:subfield>
      <marc:subfield code="b">edition lex liszt 12</marc:subfield>
      <marc:subfield code="c">2026</marc:subfield>
   </marc:datafield>
   <marc:datafield ind1=" " ind2=" " tag="250">
      <marc:subfield code="a">1. Erste Auflage</marc:subfield>
   </marc:datafield>
   <marc:datafield ind1="1" ind2=" " tag="520">
      <marc:subfield code="a">In Eva Schreibers zweitem Kurzgeschichten-Band geht es um Kalamitäten und Grotesken des Online-Datings, Beziehungen
&lt;br&gt;
werden geknüpft und aufgelöst, begleitet von mehr oder weniger Drama. Da zeigen sich bereits kurz nach dem Einzug ins heiß
&lt;br&gt;
ersehnte Eigenheim erste feine Risse im nachbarschaftlichen Geflecht. Dort macht allerlei Getier den ambitionierten Junggärtnerndas Leben schwer. Der Nacktschneckenregen wird zum Sinnbild für das Unkalkulierbare im Leben. Die Autorin verlässt mit ihren Figuren sicher geglaubten Boden. Das Unvorhersehbare zieht sich wie ein roter Faden durch die Geschichten, und es bleibt die Frage: Was nun?
&lt;br&gt;
Während die Taranteln in der Abenddämmerung kamen, krochen die Schnecken früh am Morgen, wenn das Gras noch nass war, aus ihren Löchern. Zu Hunderten. Zu Tausenden. Die Gärten waren bald mit Schleim überzogen, er glitzerte im Morgenlicht und trocknete während des Tages und ließ alles Lebendige unter einem feinen harten Häutchen erstarren.
&lt;br&gt;
Aus der Kurzgeschichte: Wenn es Nacktschnecken regnet
</marc:subfield>
   </marc:datafield>
   <marc:datafield ind1=" " ind2=" " tag="020">
      <marc:subfield code="a">9783990163368</marc:subfield>
      <marc:subfield code="9">9783990163368</marc:subfield>
   </marc:datafield>
   <marc:datafield ind1=" " ind2=" " tag="020">
      <marc:subfield code="a">3990163361</marc:subfield>
      <marc:subfield code="9">3990163361</marc:subfield>
   </marc:datafield>
   <marc:datafield ind1=" " ind2=" " tag="041">
      <marc:subfield code="a">ger</marc:subfield>
   </marc:datafield>
   <marc:datafield ind1=" " ind2=" " tag="300">
      <marc:subfield code="a">180 Seiten</marc:subfield>
   </marc:datafield>
</marc:record>
